000 00543nam a2200217Ia 4500
003 OSt
005 20220509102826.0
008 210210b2018 xxu||||| |||| 00| 0 eng d
020 _a9780070994553
040 _aAL
_c
041 _aeng
082 _a150 MORB
100 _aMORGAN (Clifford T)
_934834
245 _aBrief introduction to psychology
250 _a2
260 _aChennai
_bMcGraw Hill Education (India) Private Limited
_c2018
300 _axi,499
650 _apsychology
_934835
906 _a074110
942 _2ddc
_cBK
999 _c123949
_d123949